| 000 | 00508nam a22001457a 4500 | ||
|---|---|---|---|
| 082 | _a004 | ||
| 100 | _aSafdar, Veena | ||
| 245 |
_aA Gradient Routing Protocol for Wireless Sensor Networks with Mobile Sinks using Zone based Approach / _cVeena Safdar |
||
| 260 |
_aIslamabad : _bMCS - NUST, _c2014. |
||
| 300 |
_a48 p. ; _c30cm. |
||
| 650 |
_aComputer Software Engineering-MS-Thesis _916105 |
||
| 700 |
_aDr. Faisal Bashir _935061 |
||
| 942 |
_2ddc _cTHE |
||
| 999 |
_c541061 _d541061 |
||